<?xml version="1.0" encoding="UTF-8"?>
<record
    xmlns:xsi="http://www.w3.org/2001/XMLSchema-instance"
    xsi:schemaLocation="http://www.loc.gov/MARC21/slim http://www.loc.gov/standards/marcxml/schema/MARC21slim.xsd"
    xmlns="http://www.loc.gov/MARC21/slim">

  <leader>02164nam a22002417a 4500</leader>
  <controlfield tag="003">Uzh_bibl</controlfield>
  <controlfield tag="008">260525b        |||||||| |||| 00| 0 ukr d</controlfield>
  <datafield tag="020" ind1=" " ind2=" ">
    <subfield code="a">978-1-4052-5675-9</subfield>
    <subfield code="c">100.00</subfield>
  </datafield>
  <datafield tag="040" ind1=" " ind2=" ">
    <subfield code="b">&#x443;&#x43A;&#x440;.</subfield>
  </datafield>
  <datafield tag="041" ind1=" " ind2=" ">
    <subfield code="2">eng</subfield>
    <subfield code="a">eng</subfield>
  </datafield>
  <datafield tag="080" ind1=" " ind2=" ">
    <subfield code="a">821(410)</subfield>
  </datafield>
  <datafield tag="090" ind1=" " ind2=" ">
    <subfield code="a">821(410)</subfield>
    <subfield code="b">&#x41C; 83</subfield>
  </datafield>
  <datafield tag="100" ind1=" " ind2=" ">
    <subfield code="a"> Morpurgo, Michael </subfield>
  </datafield>
  <datafield tag="245" ind1=" " ind2=" ">
    <subfield code="a">The White Horse of Zennor</subfield>
    <subfield code="h">Text</subfield>
  </datafield>
  <datafield tag="260" ind1=" " ind2=" ">
    <subfield code="a">London</subfield>
    <subfield code="b"> Egmont UK Limited</subfield>
    <subfield code="c">2011</subfield>
  </datafield>
  <datafield tag="300" ind1=" " ind2=" ">
    <subfield code="a">150 s.</subfield>
  </datafield>
  <datafield tag="520" ind1=" " ind2=" ">
    <subfield code="a">A thrilling collection of myths, legends and ghost stories from War Horse author and former Children's Laureate Michael Morpurgo.

A thrilling collection of myths, legends and ghost stories from War Horse author and Britain&#x2019;s best-loved storyteller Michael Morpurgo.

Since the beginning of time, strange and mysterious things have happened here &#x2026; At the furthest edge of Britain, where the sea gently washes over the land and myths brush against reality, lies Zennor.

Set in a church town where men become beats and ghosts roam freely, these are haunting and unforgettable tales where magic lies around every corner.&#x417;&#x430;&#x445;&#x43E;&#x43F;&#x43B;&#x44E;&#x44E;&#x447;&#x430; &#x437;&#x431;&#x456;&#x440;&#x43A;&#x430; &#x43C;&#x456;&#x444;&#x456;&#x432;, &#x43B;&#x435;&#x433;&#x435;&#x43D;&#x434; &#x456; &#x456;&#x441;&#x442;&#x43E;&#x440;&#x456;&#x439; &#x43F;&#x440;&#x43E; &#x43F;&#x440;&#x438;&#x432;&#x438;&#x434;&#x456;&#x432; &#x432;&#x456;&#x434; &#x430;&#x432;&#x442;&#x43E;&#x440;&#x430; &#xAB;&#x411;&#x43E;&#x439;&#x43E;&#x432;&#x43E;&#x433;&#x43E; &#x43A;&#x43E;&#x43D;&#x44F;&#xBB; &#x442;&#x430; &#x43D;&#x430;&#x439;&#x443;&#x43B;&#x44E;&#x431;&#x43B;&#x435;&#x43D;&#x456;&#x448;&#x43E;&#x433;&#x43E; &#x431;&#x440;&#x438;&#x442;&#x430;&#x43D;&#x441;&#x44C;&#x43A;&#x43E;&#x433;&#x43E; &#x43E;&#x43F;&#x43E;&#x432;&#x456;&#x434;&#x430;&#x447;&#x430; &#x41C;&#x430;&#x439;&#x43A;&#x43B;&#x430; &#x41C;&#x43E;&#x440;&#x43F;&#x443;&#x440;&#x433;&#x43E;.

&#x417; &#x43F;&#x43E;&#x447;&#x430;&#x442;&#x43A;&#x443; &#x447;&#x430;&#x441;&#x456;&#x432; &#x442;&#x443;&#x442; &#x432;&#x456;&#x434;&#x431;&#x443;&#x432;&#x430;&#x43B;&#x438;&#x441;&#x44F; &#x434;&#x438;&#x432;&#x43D;&#x456; &#x439; &#x437;&#x430;&#x433;&#x430;&#x434;&#x43A;&#x43E;&#x432;&#x456; &#x440;&#x435;&#x447;&#x456; ... &#x41D;&#x430; &#x43D;&#x430;&#x439;&#x432;&#x456;&#x434;&#x434;&#x430;&#x43B;&#x435;&#x43D;&#x456;&#x448;&#x43E;&#x43C;&#x443; &#x43A;&#x440;&#x430;&#x44E; &#x411;&#x440;&#x438;&#x442;&#x430;&#x43D;&#x456;&#x457;, &#x434;&#x435; &#x43C;&#x43E;&#x440;&#x435; &#x43D;&#x456;&#x436;&#x43D;&#x43E; &#x43E;&#x43C;&#x438;&#x432;&#x430;&#x454; &#x437;&#x435;&#x43C;&#x43B;&#x44E;, &#x430; &#x43C;&#x456;&#x444;&#x438; &#x442;&#x43E;&#x440;&#x43A;&#x430;&#x44E;&#x442;&#x44C;&#x441;&#x44F; &#x440;&#x435;&#x430;&#x43B;&#x44C;&#x43D;&#x43E;&#x441;&#x442;&#x456;, &#x43B;&#x435;&#x436;&#x438;&#x442;&#x44C; &#x417;&#x435;&#x43D;&#x43D;&#x43E;&#x440;.

&#x414;&#x456;&#x44F; &#x432;&#x456;&#x434;&#x431;&#x443;&#x432;&#x430;&#x454;&#x442;&#x44C;&#x441;&#x44F; &#x432; &#x446;&#x435;&#x440;&#x43A;&#x43E;&#x432;&#x43D;&#x43E;&#x43C;&#x443; &#x43C;&#x456;&#x441;&#x442;&#x435;&#x447;&#x43A;&#x443;, &#x434;&#x435; &#x43B;&#x44E;&#x434;&#x438; &#x441;&#x442;&#x430;&#x44E;&#x442;&#x44C; &#x437;&#x432;&#x456;&#x440;&#x430;&#x43C;&#x438;, &#x430; &#x43F;&#x440;&#x438;&#x432;&#x438;&#x434;&#x438; &#x432;&#x456;&#x43B;&#x44C;&#x43D;&#x43E; &#x431;&#x43B;&#x443;&#x43A;&#x430;&#x44E;&#x442;&#x44C; &#x2014; &#x446;&#x435; &#x43C;&#x43E;&#x442;&#x43E;&#x440;&#x43E;&#x448;&#x43D;&#x456; &#x442;&#x430; &#x43D;&#x435;&#x437;&#x430;&#x431;&#x443;&#x442;&#x43D;&#x456; &#x456;&#x441;&#x442;&#x43E;&#x440;&#x456;&#x457;, &#x434;&#x435; &#x43C;&#x430;&#x433;&#x456;&#x44F; &#x447;&#x435;&#x43A;&#x430;&#x454; &#x437;&#x430; &#x43A;&#x43E;&#x436;&#x43D;&#x438;&#x43C; &#x43A;&#x443;&#x442;&#x43E;&#x43C;.</subfield>
  </datafield>
  <datafield tag="521" ind1=" " ind2=" ">
    <subfield code="a">&#x414;&#x43B;&#x44F; &#x43F;&#x456;&#x434;&#x43B;&#x456;&#x442;&#x43A;&#x456;&#x432;</subfield>
  </datafield>
  <datafield tag="525" ind1=" " ind2=" ">
    <subfield code="a">&#x414;&#x43B;&#x44F; &#x441;&#x442;&#x430;&#x440;&#x448;&#x43E;&#x433;&#x43E; &#x448;&#x43A;&#x456;&#x43B;&#x44C;&#x43D;&#x43E;&#x433;&#x43E; &#x432;&#x456;&#x43A;&#x443;</subfield>
  </datafield>
  <datafield tag="546" ind1=" " ind2=" ">
    <subfield code="a">&#x443;&#x43A;&#x440;.</subfield>
  </datafield>
  <datafield tag="650" ind1=" " ind2=" ">
    <subfield code="a">&#x41B;&#x456;&#x442;&#x435;&#x440;&#x430;&#x442;&#x443;&#x440;&#x43D;&#x43E;-&#x445;&#x443;&#x434;&#x43E;&#x436;&#x43D;&#x435; &#x432;&#x438;&#x434;&#x430;&#x43D;&#x43D;&#x44F;</subfield>
  </datafield>
  <datafield tag="942" ind1=" " ind2=" ">
    <subfield code="2">udc</subfield>
    <subfield code="c">BK</subfield>
  </datafield>
  <datafield tag="999" ind1=" " ind2=" ">
    <subfield code="c">17978</subfield>
    <subfield code="d">17978</subfield>
  </datafield>
  <datafield tag="952" ind1=" " ind2=" ">
    <subfield code="0">0</subfield>
    <subfield code="1">0</subfield>
    <subfield code="2">udc</subfield>
    <subfield code="4">0</subfield>
    <subfield code="7">0</subfield>
    <subfield code="a">MBdD</subfield>
    <subfield code="b">MBdD</subfield>
    <subfield code="d">2026-04-23</subfield>
    <subfield code="e">&#x41F;&#x43E;&#x434;&#x430;&#x440;&#x43E;&#x432;&#x430;&#x43D;&#x456;</subfield>
    <subfield code="i">80867</subfield>
    <subfield code="l">0</subfield>
    <subfield code="o">821(410)</subfield>
    <subfield code="p">19440</subfield>
    <subfield code="r">2026-05-27</subfield>
    <subfield code="w">2026-05-27</subfield>
    <subfield code="y">BK</subfield>
  </datafield>
</record>
